01013nam a2200241Ia 4500001000600000003000900006008004100015040001300056040001300069041001200082100002100094100002900115245007900144245006400223250001100287260001300298260003200311260004900343300005900392500026500451650002400716650003100740F0343IT-RoPAU130308s9999 xx 000 0 und d aIT-RoPAU cIT-RoPAU aINGLESE aRumphorst Werner gCodice Aut. SPICS: 50159 aRegulatory Aspects of Local, National and International Sound Broadcasting bFirst International Simposium On Digital Audio Broadcasting a1a ed. aSVIZZERA bEuropean Broadcasting Union c1992 [1° Ed.:1992 - Ed.Ling.Originale:1992] a"11 p. (prefazione: no ; testo: 11 [pagine: 211-221])" aAspetti normativi della Audio Diffusione Locale, Nazionale e Internazionale. Problemi Legali. Radio Diffusione Digitale e Problemi di Copyright, di programmi Stranieri. Assegnazione delle Radio Frequenze. Definizione dell'emittenza e Radio Diffusione Digitale. aTECNICA RADIOFONICA eCodice materia Spics: 6902